| 000 | 00869nam a22002657a 4500 | ||
|---|---|---|---|
| 001 | 6567 | ||
| 003 | FISKH | ||
| 005 | 20250512103742.0 | ||
| 008 | 250512b cb ||||| |||| 00| 0 eng d | ||
| 040 |
_aFISKH _beng _cFISKH _dFISKH |
||
| 050 | _a PZ8.K225 G | ||
| 082 | _a813.54 | ||
| 100 | _aKay, Verla | ||
| 245 |
_aGold fever / _cVerla Kay ; Illustrations by S. D. Schindler |
||
| 250 | _aFirst Scholastic printing, March 2001 | ||
| 260 |
_aNew York : _bScholastic, _c1999 |
||
| 300 |
_a30 unnumbered pages : _bcolor illustrations ; _c21 x 26 cm |
||
| 505 | _aNP | ||
| 520 | _aIn this brief rhyming story set during the gold rush, Jasper leaves his family and farm to pursue his dream of finding gold. | ||
| 521 | 8 | _aNP | |
| 650 |
_aGold Panning _vPicture Book |
||
| 700 |
_aSchindler, S. D. _eillustrator |
||
| 942 |
_2ddc _cBK _n0 |
||
| 999 |
_c6567 _d6567 |
||